| 000 | 01516cam a2200385 a 4500 | ||
|---|---|---|---|
| 999 |
_c531658 _d531658 |
||
| 001 | 14889553 | ||
| 003 | NUST | ||
| 005 | 20191023105155.0 | ||
| 008 | 070613s2007 ne a b 000 0 eng | ||
| 010 |
_a 2007276818 _z 2007440096 |
||
| 020 | _a9781586037161 (pbk.) | ||
| 020 | _a1586037161 (pbk.) | ||
| 038 | _aMSOHAIL | ||
| 040 |
_aDLC _cDLC _dDLC |
||
| 043 | _ae------ | ||
| 050 | 0 | 0 |
_aHT169.E8 _bT75 2007 |
| 082 | 0 | 0 |
_a307.1216094 _222 |
| 100 | 1 |
_aTrip, J. J. _924578 |
|
| 245 | 1 | 0 |
_aWhat makes a city? : _bplanning for "quality of place" : the case of high-speed train station area redevelopment / _c[Jan Jacob Trip]. |
| 260 |
_aAmsterdam, the Netherlands : _bDelft University Press, _c2007. |
||
| 300 |
_a255 p. : _bill. (some col.) ; _c24 cm. |
||
| 490 | 0 |
_aSustainable urban areas, _x1574-6410 ; _v12 |
|
| 500 | _a"Delft Centre for Sustainable Urban Areas"--Cover. | ||
| 500 | _a"Erratum" inserted. | ||
| 502 | _aThesis (doctoral)--Delft University of Technology, 2007. | ||
| 504 | _aIncludes bibliographical references (p. 235-248). | ||
| 650 | 0 |
_aCity planning _zEurope. _924320 |
|
| 650 | 0 |
_aUrban renewal _zEurope. _924579 |
|
| 650 | 0 |
_aUrban renewal _zEurope _vCase studies. _924580 |
|
| 650 | 0 |
_aRailroad stations _zEurope. _924581 |
|
| 710 | 2 |
_aDelft Centre for Sustainable Urban Areas. _924582 |
|
| 906 |
_a7 _bcbc _corigres _d2 _encip _f20 _gy-gencatlg |
||
| 942 |
_2ddc _cBK |
||